| 000 | 00595nam a2200181 i 4500 | ||
|---|---|---|---|
| 001 | 141375 | ||
| 003 | ES-MaACL | ||
| 005 | 20230906200300.0 | ||
| 007 | t| | ||
| 008 | 070921s1907 sp ||||1| spa d | ||
| 080 | _a929 Sánchez, Alonso(043) | ||
| 100 | 1 |
_aVillarreal Pérez, Manuel. _9115138 |
|
| 245 | 1 | 0 |
_aAlonso Sánchez sus viajes y embajadas _b: tesis doctoral / _cpor Manuel Villarreal Pérez. |
| 260 |
_aSevilla : _b[s.n.], _c1907 ( _fTip. de "El Correo de Andalucía") |
||
| 300 |
_a86 p. ; _c24 cm. |
||
| 600 | 1 | 4 |
_aSánchez Coello, Alonso. _9102549 |
| 852 |
_aES-MaACL _jT-1127-F-6 |
||
| 999 |
_c141375 _d141375 |
||